<?xml version="1.0" encoding="UTF-8"?>
<record
    xmlns:xsi="http://www.w3.org/2001/XMLSchema-instance"
    xsi:schemaLocation="http://www.loc.gov/MARC21/slim http://www.loc.gov/standards/marcxml/schema/MARC21slim.xsd"
    xmlns="http://www.loc.gov/MARC21/slim">

  <leader>009480000a22001210004500</leader>
  <datafield tag="100" ind1="1" ind2=" ">
    <subfield code="a">Vieira Sampaio, Tania Mara</subfield>
  </datafield>
  <datafield tag="245" ind1="1" ind2="0">
    <subfield code="a">Consideraciones para una hermen&#xE9;utica de g&#xE9;nero del texto b&#xED;blico</subfield>
  </datafield>
  <datafield tag="300" ind1=" " ind2=" ">
    <subfield code="a">Num. 37 (2000), P&#xE1;ginas 7-14</subfield>
  </datafield>
  <datafield tag="520" ind1=" " ind2=" ">
    <subfield code="a">Este art&#xED;culo pretende indicar algunas perspectivas te&#xF3;rico-metodol&#xF3;gicas para el estudio del texto b&#xED;blico. El centro est&#xE1; en la mediaci&#xF3;n de g&#xE9;nero como categor&#xED;a de an&#xE1;lisis de la realidad y de los textos. Se trata de observar las relaciones sociales de poder entre mujeres y varones en su vida cotidiana en la historia. El prop&#xF3;sito de una hermen&#xE9;utica de g&#xE9;nero no es simplemente hacer visibles a las mujeres. Esto arruina el car&#xE1;cter de un an&#xE1;lisis de la realidad y del texto b&#xED;blico, ya que ambos est&#xE1;n estructurados por medio de relaciones sociales de g&#xE9;nero.</subfield>
  </datafield>
  <datafield tag="650" ind1="1" ind2="4">
    <subfield code="a">HERMEN&#xC9;UTICA</subfield>
  </datafield>
  <datafield tag="773" ind1="0" ind2=" ">
    <subfield code="t">Revista de Interpretaci&#xF3;n B&#xED;blica Latinoamericana</subfield>
  </datafield>
  <datafield tag="942" ind1=" " ind2=" ">
    <subfield code="c">ANA</subfield>
  </datafield>
  <datafield tag="952" ind1=" " ind2=" ">
    <subfield code="0">0</subfield>
    <subfield code="1">0</subfield>
    <subfield code="4">0</subfield>
    <subfield code="7">0</subfield>
    <subfield code="8">HEM</subfield>
    <subfield code="a">FUSBC</subfield>
    <subfield code="b">FUSBC</subfield>
    <subfield code="d">2016-01-26</subfield>
    <subfield code="l">0</subfield>
    <subfield code="o"> </subfield>
    <subfield code="r">2016-01-26 00:00:00</subfield>
    <subfield code="w">2016-01-26</subfield>
    <subfield code="y">ANA</subfield>
  </datafield>
  <datafield tag="999" ind1=" " ind2=" ">
    <subfield code="c">52565</subfield>
    <subfield code="d">52565</subfield>
  </datafield>
</record>
